El dialecto vulgar leonés hablado en Maragatería y tierra de Astorga : (Record no. 22521)

MARC details
000 -LEADER
campo de control de longitud fija 00918nam a2200241 i 4500
001 - NÚMERO DE CONTROL
campo de control 22521
003 - IDENTIFICADOR DE NÚMERO DE CONTROL
campo de control ES-MaACL
005 - FECHA Y HORA DE LA ÚLTIMA TRANSACCIÓN
campo de control 20230906152719.0
007 - CAMPO FIJO DE DESCRIPCIÓN FÍSICA--INFORMACIÓN GENERAL
campo de control de longitud fija t|
008 - DATOS DE LONGITUD FIJA--INFORMACIÓN GENERAL
campo de control de longitud fija 021203s1947 sp ||||1| spa d
080 ## - NÚMERO DE LA CLASIFICACIÓN DECIMAL UNIVERSAL
Número de la Clasificación Decimal Universal 811.134.2'282(460.18)
100 1# - ENTRADA PRINCIPAL--NOMBRE DE PERSONA
Nombre de persona Alonso Garrote, Santiago.
9 (RLIN) 20328
245 13 - MENCIÓN DEL TÍTULO
Título El dialecto vulgar leonés hablado en Maragatería y tierra de Astorga :
Resto del título notas gramaticales y vocabulario /
Mención de responsabilidad, etc. Santiago Alonso Garrote.
250 ## - MENCION DE EDICION
Mención de edición 2ª ed. rev. y aum.
260 ## - PUBLICACIÓN, DISTRIBUCIÓN, ETC.
Lugar de publicación, distribución, etc. Madrid :
Nombre del editor, distribuidor, etc. Consejo Superior de Investigaciones Científicas, Instituto Antonio de Nebrija,
Fecha de publicación, distribución, etc. 1947.
300 ## - DESCRIPCIÓN FÍSICA
Extensión 351 p. ;
Dimensiones 26 cm.
490 1# - MENCIÓN DE SERIE
Mención de serie Biblioteca de dialectología y tradiciones populares
650 #4 - PUNTO DE ACCESO ADICIONAL DE MATERIA--TÉRMINO DE MATERIA
Término de materia o nombre geográfico como elemento de entrada Dialecto leonés.
9 (RLIN) 163592
710 2# - ENTRADA AGREGADA--NOMBRE DE ENTIDAD CORPORATIVA
Nombre de entidad corporativa o nombre de jurisdicción como elemento de entrada Instituto Antonio de Nebrija.
9 (RLIN) 4795
830 1# - PUNTO DE ACCESO ADICIONAL DE SERIE-TÍTULO UNIFORME
Título uniforme Biblioteca de dialectología y tradiciones populares
9 (RLIN) 178294
852 4# - LOCALIZACIÓN
Ubicación ES-MaACL
Número de control de estantería E-2280
Holdings
Estatus retirado Estado de pérdida Estado de daño No para préstamo Biblioteca de origen Biblioteca actual Ubicación en estantería Fecha de adquisición Fuente de adquisición Total de préstamos Signatura topográfica completa Código de barras Visto por última vez Precio de reemplazo Tipo de ítem Koha
        Biblioteca del Ateneo de Madrid Biblioteca del Ateneo de Madrid Depósito 2 17/01/2008     E-2280 1023184 23/02/2023 23/02/2023 Libro impreso